[Event "Gibraltar Masters 18th"]
[Site "Caleta"]
[Date "2020.01.23"]
[Round "3"]
[White "Krysa, Leandro Sergio"]
[Black "Kobalia, Mihail"]
[Result "1-0"]
[WhiteElo "2522"]
[BlackElo "2609"]
[PlyCount "45"]
[EventDate "2020.01.21"]
[EventType "swiss"]
[EventRounds "10"]
[EventCountry "GGB"]
[SourceTitle "CBM 194 Extra"]
[Source "ChessBase"]
[SourceDate "2020.03.31"]
[SourceVersion "1"]
[SourceVersionDate "2020.03.31"]
[SourceQuality "1"]

1. Nf3 {Yermolinsky,Alex} d5 2. g3 Bg4 3. Bg2 c6 4. O-O Nd7 5. h3 Bh5 6. d4 e6 7. c4 Be7 ({RR} 7... Ngf6 8. cxd5 exd5 9. Qb3 Qb6 10. Qe3+ Be7 11. Nh4 Bg6 12. Nc3) ({RR} 7... Ngf6 8. cxd5 cxd5 9. Nc3 Be7 10. Qb3 Bxf3 11. Bxf3 Qb6 12. e4 Qxb3 13. axb3 dxe4 14. Nxe4 Nd5 15. Nc3 N7b6 16. Nxd5 Nxd5 17. Bxd5 exd5 18. Ra5 a6 19. Rxd5 Rd8 20. Rxd8+ Kxd8 21. Bf4 Kd7 22. Rc1 {Yurasov,M (2178)-Ivanov,O (2423) Ershovo RUS 2024 ½-½ (73)}) 8. Nc3 ({RR} 8. cxd5 exd5 9. Qb3 Qb6 10. Qe3 O-O-O 11. Nc3 Bd6) 8... Ngf6 ({RR} 8... dxc4 9. b3 ({RR} 9. Ne5 Nxe5 10. dxe5 Qxd1 11. Rxd1 f6 12. Bf4 fxe5 13. Bxe5 Nf6) ({RR} 9. a4 a5 10. e4 Ngf6 11. Qe2 O-O 12. Qxc4 Bxf3 13. Bxf3 e5) 9... cxb3 10. Qxb3 Ngf6 ({RR} 10... Qb6 11. Qa4 Bg6 12. e4 Ngf6 13. Rb1 Qc7 14. Bf4 Qc8 15. Nh4) 11. Qxb7 O-O 12. Bf4 Qa5 13. g4 ({RR} 13. Rfc1 Ba3 14. Rc2 Bg6) ({RR} 13. Ne4 Nxe4 14. Qxd7 Bf6) 13... Bg6 14. g5 Nh5 15. Bd2 ({RR} 15. Qxd7 Nxf4 16. Qxe7 Qxc3) 15... Rfd8 16. Qxc6 Rac8 17. Qb5 Qxb5 18. Nxb5 a6 19. Na7 ({RR} 19. Nc3 Ba3 20. Rad1 Bc2 21. Rde1) 19... Rc7 20. Ba5 Rxa7 21. Bxd8 Bxd8 22. Rfc1 Kf8 23. e3 {Eljanov,P (2751)-So,W (2822) Shamkir 2017 CBM 178 [Yermolinsky,Alex ] ½-½ (41)}) ({RR} 8... dxc4 9. a4 a5 10. e4 Ngf6 11. Qe2 Bxf3 12. Bxf3 Nb6 13. Rd1 O-O 14. h4 Bb4 15. Bg5 h6 16. Be3 Nfd7 17. Bg2 Qe7 18. e5 Rad8 19. Ne4 f5 20. exf6 Nxf6 21. Nc5 e5 22. dxe5 Rxd1+ 23. Rxd1 {Sjugirov,S (2674)-Kobalia,M (2609) Chess.com INT 2020 0-1 (55)}) 9. Ne5 $146 ({RR} 9. cxd5 exd5 10. Ne5 Nxe5 11. dxe5 Nd7 12. f4 f5 13. g4 Bg6 14. Be3 O-O 15. Qb3 Nc5 16. Qd1 Ne6 17. Nxd5 cxd5 18. Qxd5 Bf7 19. gxf5 Nxf4 20. Qxd8 Nxe2+ 21. Kf2 Raxd8 22. Rfd1 Bh5 23. Rxd8 Bxd8 {Hansen,S (2525)-Zhigalko,S (2572) Chess.com INT 2022 0-1 (56)}) ({RR} 9. cxd5 exd5 10. Ne5 Bg6 11. f4) 9... Nxe5 10. dxe5 Nd7 11. cxd5 cxd5 12. Be3 f6 13. exf6 Nxf6 14. Qb3 Qd7 15. Rad1 O-O 16. Bxd5 exd5 17. Nxd5 Kh8 18. Nxf6 Qxh3 19. Nxh5 Qxh5 20. Qxb7 Bf6 21. Rc1 a5 22. b3 a4 23. bxa4 1-0

[Event "CUB-ch 57th"]
[Site "Villa Clara"]
[Date "2020.02.12"]
[Round "11"]
[White "Quesada Perez, Luis Ernesto"]
[Black "Almeida Quintana, Omar"]
[Result "1-0"]
[WhiteElo "2536"]
[BlackElo "2539"]
[PlyCount "127"]
[EventDate "2020.02.02"]
[EventType "tourn"]
[EventRounds "11"]
[EventCountry "CUB"]
[EventCategory "11"]
[SourceTitle "CBM 195 Extra"]
[Source "ChessBase"]
[SourceDate "2020.05.31"]
[SourceVersion "1"]
[SourceVersionDate "2020.05.31"]
[SourceQuality "1"]

1. Nf3 g6 2. d4 Bg7 3. g3 c5 4. c3 cxd4 5. cxd4 d5 6. Bg2 Nc6 7. O-O e6 8. Nc3 Nge7 9. b3 O-O 10. Qd2 ({RR} 10. Ba3 b6 11. Rc1 Ba6 12. Qd2 Qd7 13. Rfd1 Rfc8 14. Rc2 Nf5 15. e3 Bf8 16. Bxf8 Kxf8 17. Bf1 Bxf1 18. Rxf1 Nd6 19. Ne5 Nxe5 20. dxe5 Nb5 21. Ne2 Rxc2 22. Qxc2 Rc8 23. Qd2 a5 24. Rc1 Rxc1+ {So,W (2815)-Giri,A (2785) Chess.com INT 2017 ½-½ (38)}) ({RR} 10. e3 b6 11. Ba3 Ba6 12. Re1 Qd7 13. Qd2 Rfc8 14. Rad1 Nf5 15. h4 Nd6 16. h5 Rc7 17. Bxd6 Qxd6 18. e4 Nb4 19. h6 Bf8 20. Ne5 Rac8 21. Re3 Bxh6 22. f4 Bf8 23. a3 Na2 24. Qxa2 Rxc3 {Kramnik,V (2753)-Corrales Jimenez,F (2489) chess.com INT 2023 0-1 (65)}) 10... Nf5 $146 ({RR} 10... b6 11. Ba3 Ba6 12. Rac1 Qd7 13. Rfd1 Rfd8 14. g4 Rac8 15. h3 h6 16. e3 Kh7 17. Rc2 Ng8 18. Rdc1 Qe8 19. Ne1 Nf6 20. f4 Kg8 21. Nd3 Bxd3 22. Qxd3 Bf8 23. Bxf8 Qxf8 24. Qd2 Nb4 25. Rb2 {Ivanchuk,V (2717)-Kasparov,G (2838) Linares 2002 ½-½ (34)}) 11. e3 Qa5 12. Bb2 Bd7 13. Rfc1 Rfc8 14. Na4 Qxd2 15. Nxd2 b6 16. Bf1 Na5 17. Ba6 Rd8 18. Ba3 Bxa4 19. bxa4 e5 20. dxe5 Bxe5 21. Rab1 Bg7 22. Nf3 Nd6 23. Rc7 Bf8 24. Rd1 Ne8 25. Rc3 Bxa3 26. Rxa3 Nc7 27. Bf1 Nb7 28. Nd4 Kg7 29. Nb5 Ne8 30. Bg2 Nf6 31. Nc3 Rac8 32. Nxd5 Rc2 33. Bf3 Nxd5 34. Rxd5 Rxd5 35. Bxd5 Nc5 36. a5 b5 37. e4 f6 38. Re3 Kf8 39. Kf1 Ke7 40. Re2 Rc1+ 41. Kg2 Rc3 42. f4 b4 43. e5 fxe5 44. Rxe5+ Kf8 45. h4 Ra3 46. Bc4 Rxa5 47. Kh3 Nb7 48. Rxa5 Nxa5 49. Bd5 Ke7 50. Kg4 Kd6 51. Bg8 h6 52. h5 gxh5+ 53. Kxh5 Nc6 54. g4 Nd4 55. Kxh6 a5 56. f5 Ke5 57. Kg6 Kf4 58. Bd5 Ke5 59. Bc4 Nf3 60. f6 Kf4 61. f7 Ne5+ 62. Kh5 Nd7 63. g5 Kf5 64. g6 1-0

[Event "Titled Tuesday intern op 4th Febr"]
[Site "Chess.com INT"]
[Date "2020.02.04"]
[Round "5"]
[White "Bologan, Viktor"]
[Black "Moiseenko, Alexander"]
[Result "1-0"]
[WhiteElo "2574"]
[BlackElo "2620"]
[PlyCount "87"]
[EventDate "2020.02.04"]
[EventType "swiss (blitz)"]
[EventRounds "10"]
[EventCountry "USA"]
[SourceTitle "EXT 2021"]
[Source "ChessBase"]
[SourceDate "2020.10.23"]
[SourceVersion "1"]
[SourceVersionDate "2020.10.23"]
[SourceQuality "1"]

1. e4 c5 2. Nf3 e6 3. d3 Nc6 4. g3 d5 5. Qe2 Nf6 6. Bg2 g6 7. O-O Bg7 8. c3 O-O ({RR} 8... Ke7 9. e5 Nd7 10. Bg5+ f6 11. exf6+ Nxf6 12. Re1 Kf7 13. Be3 Qe7 14. Ng5+ Kg8 15. Bf4 Nd8 16. c4 h6 17. Nf3 Nc6 18. Nc3 g5 19. Bd2 d4 20. Ne4 e5 21. h4 Bf5 22. Nxf6+ Bxf6 23. h5 {Sjugirov,S (2712)-Abasov,N (2643) chess.com INT 2022 ½-½ (41)}) 9. e5 Nd7 10. d4 f6 $146 ({RR} 10... cxd4 11. cxd4 f6 12. exf6 Nxf6 13. Nc3 Bd7 14. Bf4 Qb6 15. Rad1 Rad8 16. Rfe1 Qa6 17. Qxa6 bxa6 18. Bd6 Rfe8 19. Bc5 Bf8 20. Bxf8 Kxf8 21. Re2 Rb8 22. a3 a5 23. Na4 Ne4 24. Rc2 Nb4 25. Nc5 {Bologan,V (2574)-Eynullayev,A (2347) Chess.com INT 2021 0-1 (31)}) 11. exf6 Nxf6 12. dxc5 Qe7 13. Bf4 Qxc5 14. Nbd2 Bd7 15. Ne5 Nxe5 16. Qxe5 Rae8 17. Nb3 Qc8 18. Qe2 Bc6 19. Be5 Nd7 20. Bxg7 Kxg7 21. Rad1 a6 22. Rfe1 Qc7 23. f4 Ba4 24. Rd4 Bxb3 25. axb3 Qb6 26. Qe3 a5 27. b4 e5 28. Rxd5 Qxe3+ 29. Rxe3 Nb6 30. Rdxe5 Rd8 31. bxa5 Nc4 32. Re7+ Kh8 33. Re2 Nxa5 34. b4 Nc4 35. Rxb7 Nd6 36. Rc7 Nb5 37. Rc5 Nd6 38. b5 g5 39. Rxg5 Nc4 40. Rc5 Rd1+ 41. Kf2 Nd6 42. b6 Rb1 43. Rc6 Nf5 44. Be4 1-0

[Event "Titled Tuesday intern op1 4th Febr"]
[Site "Chess.com INT"]
[Date "2020.02.04"]
[Round "6"]
[White "Artemiev, Vladislav"]
[Black "Boruchovsky, Avital"]
[Result "1-0"]
[WhiteElo "2728"]
[BlackElo "2535"]
[PlyCount "45"]
[EventDate "2020.02.04"]
[EventType "swiss (blitz)"]
[EventRounds "10"]
[EventCountry "USA"]
[SourceTitle "EXT 2021"]
[Source "ChessBase"]
[SourceDate "2020.10.23"]
[SourceVersion "1"]
[SourceVersionDate "2020.10.23"]
[SourceQuality "1"]

1. Nf3 d5 2. e3 c5 3. b3 Nf6 4. Bb2 Nc6 5. Bb5 Bd7 6. O-O Qc7 7. c4 ({RR} 7. d3 e6 8. c4 Bd6 9. Nbd2 a6 10. Bxc6 Bxc6 11. cxd5 Nxd5 12. Ne4 Be7 13. Rc1 b6 14. Ne5 O-O 15. Nxc6 Qxc6 16. Qf3 Qd7 17. d4 cxd4 18. Bxd4 Rac8 19. h3 f6 20. Rfd1 Rfd8 21. Rxc8 Qxc8 {Salgado Lopez,I (2644)-Sethuraman,S (2646) Riadh 2017 ½-½}) ({RR} 7. d3 e6 8. Nbd2 Bd6 9. e4 d4 10. Qe2 e5 11. Nc4 Nd8 12. a4 Ne6 13. Bc1 a6 14. Bxd7+ Nxd7 15. Ng5 Nxg5 16. Bxg5 O-O 17. Qg4 Kh8 18. a5 Rae8 19. Bd2 Re6 20. f4 Rg6 21. Qf3 exf4 {Wang,H (2435)-Gevorgyan,D (2254) Paracin SRB 2025 1-0 (54)}) 7... dxc4 8. Bxc4 $146 ({RR} 8. bxc4 e6 9. d4 O-O-O 10. Nbd2 Bd6 11. Re1 a6 12. Ba4 Qa5 13. d5 Ne5 14. Bxe5 Bxa4 15. Qc1 Bxe5 16. Nxe5 Qc7 17. f4 exd5 18. Qa3 dxc4 19. Qxa4 Rxd2 20. Nxc4 Rdd8 21. e4 Qxf4 22. g3 Qc7 {Skalkotas,N (2295)-Inkiov,V (2490) Athens 1988 ½-½}) 8... e6 9. Nc3 a6 10. Rc1 Bd6 11. Bd3 O-O-O 12. Na4 Nb4 13. Bb1 Bxa4 14. bxa4 e5 15. h3 e4 16. Bxf6 gxf6 17. Bxe4 Nxa2 18. Rc4 Nb4 19. Qb1 Kb8 20. d4 Qe7 21. Rfc1 cxd4 22. Nxd4 Rc8 23. Nf5 1-0

[Event "Nancy Meurthe blitz 18th"]
[Site "Nancy"]
[Date "2020.02.15"]
[Round "4"]
[White "Gareyev, Timur"]
[Black "Shchekachev, Andrei"]
[Result "1-0"]
[WhiteElo "2607"]
[BlackElo "2529"]
[PlyCount "61"]
[EventDate "2020.02.15"]
[EventType "swiss (blitz)"]
[EventRounds "11"]
[EventCountry "FRA"]
[SourceTitle "CBM 194 Extra"]
[Source "ChessBase"]
[SourceDate "2020.03.31"]
[SourceVersion "1"]
[SourceVersionDate "2020.03.31"]
[SourceQuality "1"]

1. Nf3 c5 2. b3 d6 3. d4 cxd4 4. Nxd4 Nf6 5. g3 ({RR} 5. Bb2 g6 6. e3 Bg7 7. c4 O-O 8. Be2 Nc6 9. Nxc6 bxc6 10. O-O c5 11. Nc3 Bb7 12. Qc2 Qb6 13. Rab1 Rfd8 14. Rfd1 Rac8 15. e4 Nd7 16. Nd5 Bxd5 17. exd5 Bxb2 18. Rxb2 Nf6 19. Re1 Re8 {Nakamura,H (2750)-Timofeev,A (2574) Chess.com INT 2022 1-0 (37)}) ({RR} 5. e3 e5 6. Nf3 Be7 7. Be2 O-O 8. c4 b6 9. Nc3 Bb7 10. O-O Nbd7 11. Ba3 Nc5 12. Qc2 a6 13. Rfd1 Qc8 14. h3 Rd8 15. Rac1 Bc6 16. Nd5 Nxd5 17. cxd5 Bd7 18. e4 a5 19. Qd2 Rf8 {Villar,J (2203)-Ng Mora,J (1779) Medellin COL 2024 ½-½ (74)}) 5... Nc6 6. Bg2 $146 ({RR} 6. Nxc6 bxc6 7. Bg2 d5 8. Bb2 e6 9. O-O Be7 10. c4 O-O 11. Nd2 Bb7 12. Qc2 Qb6 13. Rac1 Rac8 14. Rfd1 Rfd8 15. e3 a5 16. Rb1 Ba6 17. h3 Nd7 18. Nf3 h6 19. Bd4 Qc7 20. cxd5 cxd5 {Ruperez,M (2126)-De Abreu,R (2154) Caleta 2020 ½-½ (45)}) 6... Bd7 7. O-O h5 8. Nf3 g6 9. Bb2 Bg7 10. c4 Qc8 11. Nc3 h4 12. Nd5 Nh5 13. Qd2 hxg3 14. fxg3 O-O 15. Bxg7 Kxg7 16. Nh4 Qd8 17. Rad1 Ne5 18. Nf3 Ng4 19. Qc3+ Kg8 20. h3 Ngf6 21. Ng5 Bc6 22. g4 Bxd5 23. Bxd5 Nxd5 24. Rxd5 Nf6 25. Rxf6 exf6 26. Ne4 Kg7 27. Rxd6 Qe7 28. Nxf6 Qxe2 29. Nh5+ Kh6 30. Qg7+ Kg5 31. Rd5+ 1-0

[Event "Nancy Meurthe blitz 18th"]
[Site "Nancy"]
[Date "2020.02.15"]
[Round "7"]
[White "Meier, Georg"]
[Black "Guliyev, Namig"]
[Result "1-0"]
[WhiteElo "2622"]
[BlackElo "2537"]
[PlyCount "121"]
[EventDate "2020.02.15"]
[EventType "swiss (blitz)"]
[EventRounds "11"]
[EventCountry "FRA"]
[SourceTitle "CBM 194 Extra"]
[Source "ChessBase"]
[SourceDate "2020.03.31"]
[SourceVersion "1"]
[SourceVersionDate "2020.03.31"]
[SourceQuality "1"]

1. Nf3 d5 2. g3 c6 3. Bg2 Bg4 4. h3 Bxf3 5. Bxf3 Nd7 6. d3 Ngf6 7. O-O e6 8. Nd2 Be7 9. Bg2 O-O 10. e4 dxe4 11. dxe4 Qc7 $146 ({RR} 11... b5 12. Qe2 e5 13. Nf3 Re8 14. Nh4 g6 15. Nf3 Bf8 16. Nh2 Nc5 17. Bg5 h6 18. Rad1 Qe7 19. Bc1 Rad8 20. b3 a5 21. Bb2 Qc7 22. h4 Bg7 23. Rfe1 a4 24. b4 Ncd7 25. Nf3 Ra8 26. a3 {Rubinetti,J (2440)-Cid,M (2445) Acasusso 1991 1-0 (74)}) 12. a4 Rfd8 13. Qe2 a5 14. Nc4 Ne5 15. Be3 Nfd7 16. Rfd1 Nxc4 17. Qxc4 Ne5 18. Qb3 Rxd1+ 19. Rxd1 Rd8 20. Rxd8+ Bxd8 21. Bf1 g6 22. Be2 Nd7 23. Kg2 Be7 24. Qc4 Ne5 25. Qd4 Nd7 26. Qa7 Bd8 27. b3 Kg7 28. Bd3 Qc8 29. Qd4+ Kg8 30. h4 h5 31. Qc3 Qc7 32. Qd4 Qc8 33. Qd6 Bc7 34. Qe7 Ne5 35. Be2 Qd8 36. Qxd8+ Bxd8 37. Bd4 Nd7 38. Bc3 Kf8 39. f3 b6 40. Bd2 Ke7 41. Be3 Kd6 42. f4 Kc7 43. f5 Be7 44. fxe6 fxe6 45. Bc4 Bc5 46. Bf4+ e5 47. Bg5 Kd6 48. Bf7 Nf8 49. Be8 Bd4 50. Kf3 Bc3 51. Ke2 Bd4 52. Bh6 Ke7 53. Bxc6 Ne6 54. Bd5 Nc7 55. Bc4 Bc5 56. Bg5+ Ke8 57. Bf6 Bd6 58. Kf3 Na8 59. g4 hxg4+ 60. Kxg4 Nc7 61. Kg5 1-0

[Event "PRO League KO Stage"]
[Site "Chess.com INT"]
[Date "2020.03.04"]
[Round "1"]
[White "Grandelius, Nils"]
[Black "Grischuk, Alexander"]
[Result "1-0"]
[WhiteElo "2651"]
[BlackElo "2777"]
[PlyCount "73"]
[EventDate "2020.03.02"]
[EventType "team-k.o. (rapid)"]
[EventRounds "4"]
[EventCountry "USA"]
[SourceTitle "CBM 195 Extra"]
[Source "ChessBase"]
[SourceDate "2020.05.31"]
[SourceVersion "1"]
[SourceVersionDate "2020.05.31"]
[SourceQuality "1"]
[WhiteTeam "Sweden Wasabis"]
[BlackTeam "Canada Chessbrahs"]
[WhiteTeamCountry "SWE"]
[BlackTeamCountry "CAN"]

1. Nf3 d5 2. g3 g6 3. c4 dxc4 4. Na3 Bg7 5. Nxc4 Nc6 6. d3 e5 7. Bd2 Nge7 8. Rc1 ({RR} 8. h4 h6 9. Bc3 f6 10. Bg2 Be6 11. O-O O-O 12. Rc1 a5 13. Qa4 Qd7 14. Rfd1 Rfd8 15. a3 b6 16. e3 Rab8 17. Qc2 a4 18. Ne1 b5 19. Nd2 Bg4 20. Ndf3 Be6 21. Qb1 Bb3 22. Nc2 Qe6 {Firouzja,A (2728)-Carlsen,M (2863) chess24.com INT 2020 0-1 (50)}) 8... a5 $146 ({RR} 8... O-O 9. Bg2 Be6 10. O-O h6 11. b4 a6 12. a4 Bxc4 13. Rxc4 Nd5 14. Qc1 Kh7 15. b5 axb5 16. axb5 Na5 17. Bxa5 Rxa5 18. Rc5 Ne7 19. Rxc7 Rxb5 20. Qc4 Rb2 21. Re1 b5 22. Qc5 Nf5 23. Nxe5 {Megalios,K (2379)-Meshkovs,N (2540) chess.com INT 2024 0-1 (43)}) ({RR} 8... O-O 9. b4 a6 10. Bg2 Re8 11. O-O h6 12. a4 Nf5 13. Re1 Rb8 14. Bc3 Nd6 15. Nxd6 cxd6 16. b5 axb5 17. axb5 Ne7 18. Nd2 Be6 19. Nc4 d5 20. Na5 Qb6 21. Rb1 Ra8 22. Qd2 Nf5 23. e4 {Grandelius,N (2651)-Hansen,S (2552) Chess.com INT 2020 ½-½ (43)}) 9. h4 h6 10. Bc3 f6 11. b3 O-O 12. Qd2 b6 13. Bg2 Be6 14. O-O Qd7 15. Rfd1 Rad8 16. e4 g5 17. hxg5 hxg5 18. d4 g4 19. Nfxe5 fxe5 20. d5 Qe8 21. Qe2 b5 22. Nd2 Bd7 23. dxc6 Nxc6 24. Nf1 b4 25. Bb2 Nd4 26. Bxd4 exd4 27. Rxc7 Rc8 28. Rxc8 Bxc8 29. Nd2 Qe6 30. Nc4 Ba6 31. e5 Rd8 32. Qe4 Bxc4 33. bxc4 Bxe5 34. c5 Kg7 35. c6 Kf6 36. Qh7 Qf7 37. Qh4+ 1-0

[Event "PRO League KO Stage"]
[Site "Chess.com INT"]
[Date "2020.03.13"]
[Round "2"]
[White "Grischuk, Alexander"]
[Black "Robson, Ray"]
[Result "1-0"]
[WhiteElo "2777"]
[BlackElo "2673"]
[PlyCount "75"]
[EventDate "2020.03.02"]
[EventType "team-k.o. (rapid)"]
[EventRounds "4"]
[EventCountry "USA"]
[SourceTitle "CBM 195 Extra"]
[Source "ChessBase"]
[SourceDate "2020.05.31"]
[SourceVersion "1"]
[SourceVersionDate "2020.05.31"]
[SourceQuality "1"]
[WhiteTeam "Canada Chessbrahs"]
[BlackTeam "Chicago Wind"]
[WhiteTeamCountry "CAN"]
[BlackTeamCountry "USA"]

1. Nf3 d5 2. d3 Nf6 3. g3 c6 4. Nbd2 ({RR} 4. b3 Bf5 5. Bb2 e6 6. Nbd2 h6 7. Bg2 Be7 8. e4 Bh7 9. O-O O-O 10. Qe2 a5 11. Ne5 a4 12. exd5 cxd5 13. Ndf3 Nc6 14. Bh3 Nxe5 15. Nxe5 Ra6 16. f4 Nd7 17. Nf3 Bf6 18. Bd4 Bxd4+ {Dolezal,C (2411)-Arizmendi Martinez,J (2528) Mislata 2010 0-1 (59)}) ({RR} 4. h3 h6 5. Bg2 Bf5 6. Nbd2 e6 7. O-O Be7 8. c4 O-O 9. b3 d4 10. Nh4 Bh7 11. f4 Nh5 12. Nhf3 Nxg3 13. Rf2 c5 14. Ne5 Qc7 15. Kh2 Nf5 16. Nf1 Nc6 17. Kh1 Nxe5 18. fxe5 Qxe5 {Golubeva,O (2179)-Andriasian,S (2298) Chess.com INT 2020 1-0 (58)}) 4... Bg4 5. h3 Bh5 6. Bg2 $146 ({RR} 6. c4 e6 7. Bg2 Nbd7 8. O-O Bd6 9. a3 a5 10. b3 O-O 11. Qc2 Qe7 12. Re1 e5 13. Nh4 Qe6 14. e4 d4 15. Nf5 Bg6 16. Nf3 Bxf5 17. Ng5 Qe7 18. exf5 Qd8 19. Qe2 Qc7 20. g4 Rfe8 {Emami,M (2020)-Harder,C (2040) Hamburg 2009 0-1 (52)}) 6... e6 7. g4 Bg6 8. Nh4 Bd6 9. e3 Nbd7 10. Qe2 Nf8 11. f4 N6d7 12. Ndf3 e5 13. Bd2 f6 14. O-O-O Qe7 15. fxe5 fxe5 16. e4 Ne6 17. exd5 cxd5 18. Nf5 Bxf5 19. gxf5 Nc7 20. Ng5 O-O-O 21. c4 h6 22. Ne6 Nxe6 23. fxe6 Qxe6 24. Bxd5 Qe7 25. Kb1 Nf6 26. Bg2 Kb8 27. Bc3 Rhe8 28. Rhe1 Qc7 29. a3 Re7 30. b4 Qc8 31. Qc2 Rde8 32. Bb2 Qf5 33. c5 Bc7 34. Qc4 a6 35. b5 Qe6 36. b6 Bd8 37. Bxe5+ Ka8 38. Qxa6# 1-0

[Event "PRO League KO Stage"]
[Site "Chess.com INT"]
[Date "2020.09.25"]
[Round "3.3"]
[White "Petrosian, Tigran L"]
[Black "Tari, Aryan"]
[Result "1-0"]
[WhiteElo "2601"]
[BlackElo "2634"]
[PlyCount "63"]
[EventDate "2020.03.02"]
[EventType "team-k.o. (rapid)"]
[EventRounds "4"]
[EventCountry "USA"]
[SourceTitle "EXT 2021"]
[Source "ChessBase"]
[SourceDate "2020.10.23"]
[SourceVersion "1"]
[SourceVersionDate "2020.10.23"]
[SourceQuality "1"]
[WhiteTeam "Armenia Eagles"]
[BlackTeam "Canada Chessbrahs"]
[WhiteTeamCountry "ARM"]
[BlackTeamCountry "CAN"]

1. Nf3 Nf6 2. g3 g6 3. Bg2 Bg7 4. d3 d5 5. O-O O-O 6. Nbd2 c5 7. e4 Nc6 8. Re1 e5 9. c3 Re8 10. a3 d4 ({RR} 10... a5 11. a4 b6 12. exd5 Nxd5 13. Nc4 f6 14. d4 Ba6 15. Qb3 cxd4 16. Nxd4 Nxd4 17. cxd4 Kh8 18. dxe5 Rc8 19. Ne3 Nb4 20. Rd1 Qe7 21. Bd2 fxe5 22. Nd5 Nxd5 23. Bxd5 e4 24. Rac1 Rcd8 25. Be3 {Markus,R (2599)-Aravindh,C (2630) Chess.com INT 2020 1-0}) ({RR} 10... a5 11. exd5 Nxd5 12. a4 h6 13. Nc4 Be6 14. Qb3 Qc7 15. Bd2 Rad8 16. Rad1 f5 17. Bc1 Bf7 18. Nfd2 Kh7 19. Qb5 Bf8 20. Nb3 Qc8 21. Nbxa5 Nxa5 22. Nxa5 Re7 23. Nc4 Bg7 24. a5 Be8 25. Qb3 {Maksimovic,B (2476)-Sathish,P (2441) chess.com INT 2023 1-0 (40)}) 11. cxd4 cxd4 $146 ({RR} 11... Nxd4 12. Nxd4 Qxd4 13. Nc4 Ng4 14. Qe2 Bh6 15. Bxh6 Nxh6 16. Qe3 Qxe3 17. fxe3 f6 18. b4 cxb4 19. axb4 Be6 20. Na5 Red8 21. Nxb7 Rxd3 22. Nc5 Rd6 23. Nxe6 Rxe6 24. Bf1 Re7 25. b5 Rc8 26. Ra6 {Mueller,M (2281)-Kottmair,T (2250) Fuerth 1999 ½-½}) 12. b4 a6 13. Nb3 Nd7 14. Bg5 f6 15. Bd2 b5 16. Rc1 Bb7 17. Bh3 Bf8 18. Nh4 a5 19. Nxa5 Nxa5 20. bxa5 Nc5 21. Bb4 Qc7 22. Bxc5 Bxc5 23. Qc2 Rec8 24. Bxc8 Rxc8 25. Qb3+ Kg7 26. Qxb5 Qe7 27. a6 Ba8 28. Rc4 Rc7 29. Rec1 Bd6 30. Rxc7 Bxc7 31. a7 Bd6 32. Qb8 1-0

[Event "PRO League KO Stage playoff"]
[Site "Chess.com INT"]
[Date "2020.03.04"]
[Round "1.1"]
[White "Nakamura, Hikaru"]
[Black "Bacrot, Etienne"]
[Result "1-0"]
[WhiteElo "2736"]
[BlackElo "2673"]
[PlyCount "63"]
[EventDate "2020.03.02"]
[EventType "team (rapid)"]
[EventRounds "4"]
[EventCountry "USA"]
[SourceTitle "CBM 195 Extra"]
[Source "ChessBase"]
[SourceDate "2020.05.31"]
[SourceVersion "1"]
[SourceVersionDate "2020.05.31"]
[SourceQuality "1"]
[WhiteTeam "New York Marshalls"]
[BlackTeam "France Roosters"]
[WhiteTeamCountry "USA"]
[BlackTeamCountry "FRA"]

1. Nf3 d5 2. g3 Nf6 3. Bg2 e6 4. d3 Be7 5. O-O O-O 6. Nbd2 a5 7. e4 a4 8. a3 Nc6 9. Re1 dxe4 10. dxe4 e5 11. c3 ({RR} 11. Nc4 Qxd1 12. Rxd1 Bg4 13. c3 Nxe4 14. Re1 Bxf3 15. Bxf3 Nc5 16. Bxc6 bxc6 17. Nxe5 Nb3 18. Rb1 Ra6 19. Be3 Bd6 20. Nc4 Na5 21. Nxa5 Rxa5 22. Rbd1 Rb8 23. Re2 Rd5 24. Rde1 h5 25. h4 f6 {Fiorito,F (2416)-Paravyan,D (2620) chess.com INT 2024 ½-½ (57)}) 11... Bc5 12. h3 h6 13. Qe2 $146 ({RR} 13. Nh4 Qd3 14. Qf3 Qxf3 15. Nhxf3 Be6 16. Bf1 Nd7 17. Nc4 Rfd8 18. Kg2 f6 19. Ne3 Na5 20. Nd2 Nb6 21. Rb1 Rd7 22. f4 Bxe3 23. Rxe3 Nbc4 24. Bxc4 Bxc4 25. Nxc4 Nxc4 26. Re1 Rd3 27. Kf2 Rad8 {Klenburg,M (2362)-Stern,R (2488) Berlin 2017 0-1 (41)}) 13... Qe7 14. Nh4 Be6 15. Nc4 Bxc4 16. Qxc4 Rfd8 17. Nf5 Qf8 18. Kh2 b6 19. f4 g6 20. Nh4 Qg7 21. Qb5 Rd6 22. Nf3 Nh5 23. Rf1 Ra5 24. Qe2 Ra8 25. Qb5 Kh8 26. Bd2 Rad8 27. Rae1 exf4 28. Bxf4 Nxf4 29. gxf4 Qf6 30. e5 Qxf4+ 31. Kh1 Qg3 32. exd6 1-0

[Event "Titled Tuesday intern op 3rd March"]
[Site "Chess.com INT"]
[Date "2020.03.03"]
[Round "4"]
[White "Svane, Rasmus"]
[Black "Belozerov, Andrei"]
[Result "1-0"]
[WhiteElo "2613"]
[BlackElo "2515"]
[PlyCount "89"]
[EventDate "2020.03.03"]
[EventType "swiss (blitz)"]
[EventRounds "10"]
[EventCountry "USA"]
[SourceTitle "EXT 2021"]
[Source "ChessBase"]
[SourceDate "2020.10.23"]
[SourceVersion "1"]
[SourceVersionDate "2020.10.23"]
[SourceQuality "1"]

1. Nf3 d5 2. g3 Bg4 3. Bg2 Nd7 4. h3 Bh5 5. O-O c6 6. d4 e6 7. c4 Ngf6 8. cxd5 exd5 9. Nh4 Bg6 10. Nc3 Bd6 11. Nxg6 hxg6 12. Bg5 $146 ({RR} 12. Rb1 Qe7 13. Bg5 O-O 14. e4 dxe4 15. Nxe4 Qe6 16. Nxd6 Qxd6 17. Qb3 Nb6 18. a4 Qxd4 19. a5 Qc4 20. Qc3 Nfd5 21. Qa3 Nd7 22. Rfd1 N7f6 23. Rbc1 Qe2 24. Re1 Qb5 25. Bd2 b6 26. Bf1 Qc5 {Kushko,D (2449)-Sydoryka,V (2302) chess.com INT 2024 1-0 (50)}) 12... O-O 13. h4 Re8 14. Qc2 Nf8 15. Rad1 Ne6 16. Bc1 Qb6 17. Qd3 Re7 18. Bf3 Rae8 19. Kg2 Bb4 20. Rh1 Nh5 21. Bg5 Rd7 22. a3 Be7 23. Bc1 Rf8 24. b4 f5 25. e3 Nc7 26. Ne2 Bd6 27. Bd2 Ne8 28. Rb1 Nef6 29. a4 Ne4 30. b5 c5 31. dxc5 Bxc5 32. Bb4 Rfd8 33. Rhc1 Bxb4 34. Rxb4 Nhf6 35. Qc2 Re7 36. Rd4 Rde8 37. Nf4 g5 38. hxg5 Nxg5 39. Nxd5 Qd6 40. Nxe7+ Qxe7 41. Qxf5 Nxf3 42. Qxf3 Ne4 43. Rcc4 Nd6 44. Qd5+ Kh7 45. Qxd6 1-0